[Event "Frankfurt-chA"]
[Site "Frankfurt"]
[Date "2016.06.13"]
[Round "7"]
[White "Beinrucker, Clemens"]
[Black "Sachse, Guenter"]
[Result "0-1"]
[WhiteElo "1899"]
[BlackElo "1989"]
[PlyCount "72"]
[EventDate "2016.04.25"]
[EventType "swiss"]
[EventRounds "9"]
[EventCountry "GER"]
[SourceTitle "EXT 2018"]
[Source "ChessBase"]
[SourceDate "2017.10.13"]
[SourceVersion "1"]
[SourceVersionDate "2017.10.13"]
[SourceQuality "1"]

1. e4 c5 2. Nc3 e6 3. f4 g6 4. Nf3 Bg7 5. g3 Nc6 6. Bg2 Nge7 7. 0-0 d6 8. d3 0-0 9. Ne2 Rb8 10. g4 f5 11. exf5 exf5 12. g5 b5 13. Ng3 Be6 14. h4 Bf7 15. h5 Qc7 16. hxg6 hxg6 17. Rb1 Bxa2 18. Ra1 Bf7 19. Kh2 a5 20. Rh1 a4 21. Kg1 d5 22. Ne2 d4 23. Qe1 Rfe8 24. Qh4 Nd5 25. Kf2 Kf8 26. Qh7 Ncb4 27. Nh4 Rb6 28. Bxd5 Nxd5 29. Bd2 Rbe6 30. Ng3 Nxf4 31. Nhxf5 gxf5 32. Nxf5 Re2+ 33. Kf1 Bd5 34. Nxg7 Qxg7 35. Qf5+ Kg8 36. Bxf4 Bxh1 0-1

[Event "Frankfurt-chA"]
[Site "Frankfurt"]
[Date "2016.05.02"]
[Round "2"]
[White "Beinrucker, Clemens"]
[Black "Wagner, Guenter"]
[Result "1-0"]
[WhiteElo "1899"]
[BlackElo "1592"]
[PlyCount "103"]
[EventDate "2016.04.25"]
[EventType "swiss"]
[EventRounds "9"]
[EventCountry "GER"]
[SourceTitle "EXT 2018"]
[Source "ChessBase"]
[SourceDate "2017.10.13"]
[SourceVersion "1"]
[SourceVersionDate "2017.10.13"]
[SourceQuality "1"]

1. e4 d6 2. d4 Nf6 3. Bd3 g6 4. c3 Bg7 5. Bf4 0-0 6. Qd2 Na6 7. Ne2 c5 8. 0-0 Nc7 9. Na3 a6 10. Rad1 Ne6 11. dxc5 Nxc5 12. Ng3 Be6 13. c4 Nfd7 14. Bb1 Ne5 15. b3 Bd7 16. Be3 Bc6 17. h3 b5 18. f4 Ned7 19. Bd4 Nf6 20. Rfe1 Ne6 21. Bf2 Bh6 22. Be3 Bg7 23. f5 Nc5 24. e5 Nfe4 25. Nxe4 Nxe4 26. Bxe4 Bxe4 27. exd6 exd6 28. fxg6 Bxg6 29. cxb5 axb5 30. Nxb5 Qh4 31. a4 Be5 32. Bf2 Qf6 33. Rc1 Bf5 34. Nc7 Rad8 35. Nd5 Qg7 36. Ne7+ Kh8 37. Nxf5 Qf6 38. Qd3 Rg8 39. Bh4 Qg6 40. Qf3 Rb8 41. Ne7 Qh6 42. Nxg8 Qxh4 43. Rxe5 Qd4+ 44. Re3 Rxg8 45. Rce1 Rg6 46. Qxf7 Rf6 47. Qe8+ Kg7 48. Qe4 Qc5 49. Kh2 Rg6 50. Qe7+ Kh6 51. Qh4+ Kg7 52. Re7+ 1-0

[Event "Hessen-ch Gr-D"]
[Site "Idstein"]
[Date "2009.04.10"]
[Round "1"]
[White "Brehm, Arthur"]
[Black "Beinrucker, Clemens"]
[Result "1-0"]
[WhiteElo "1519"]
[BlackElo "1686"]
[PlyCount "33"]
[EventDate "2009.04.10"]
[EventType "swiss"]
[EventRounds "5"]
[EventCountry "GER"]
[SourceTitle "EXT 2010"]
[Source "ChessBase"]
[SourceDate "2010.11.25"]
[SourceVersion "1"]
[SourceVersionDate "2010.11.25"]
[SourceQuality "1"]

1. e4 c5 2. Nf3 g6 3. d4 cxd4 4. c3 Bg7 5. cxd4 d6 6. Nc3 Nc6 7. Bc4 Nf6 8. 0-0 0-0 9. e5 dxe5 10. dxe5 Ng4 11. Bf4 Qb6 12. Qe2 Nd4 13. Nxd4 Qxd4 14. Nd5 e6 15. Rad1 Qxd1 16. Ne7+ Kh8 17. Rxd1 1-0